000 00752nam a2200289Ia 4500
005 20260324111254.0
008 008 260324s9999 xx 000 0 eng d
020 _a9781003496380
037 _aEBOOK
040 _aCRL
040 _beng
040 _cCRL
041 _2eng
041 _aeng
084 _qCRL
100 _aTimothy D. Amos; Akiko Ishii; Samson Lim
_91137868
245 0 _aAlternative Histories of Development in Japan and East Asia
245 0 _bUnthinking Modernization, Recreating Lifeworlds
260 _bTaylor and Francis
260 _c2025
365 _a
365 _b230
856 _uhttp://www.taylorfrancis.com/books/9781003496380
942 _cEBOOK
999 _c1726635
_d1726635